Normal view
MARC view
Entry Geographic Name
001 - CONTROL NUMBER
- control field: 137470
003 - CONTROL NUMBER IDENTIFIER
- control field: OSt
005 - DATE AND TIME OF LATEST TRANSACTION
- control field: 20231011145807.0
008 - FIXED-LENGTH DATA ELEMENTS
- fixed length control field: 231011|| aca||aabn | a|a d
040 ## - CATALOGING SOURCE
- Original cataloging agency: OSt
- Transcribing agency: OSt
151 ## - HEADING--GEOGRAPHIC NAME
- Geographic name: Be clear why you're here
670 ## - SOURCE DATA FOUND
- Source citation: Work cat.: (OSt)208091: Canfield, Jack. 137468, Success principles : , 2012.